Transportation and traffic theory in the 21st century: proceedings

Gespeichert in:
Bibliographische Detailangaben
1. Verfasser: Taylor, Michael A. P (VerfasserIn)
Format: Buch
Sprache:Englisch
Veröffentlicht: Oxford Elsevier Science 2002
Schriftenreihe:Transport Connect
Schlagworte:
Tags: Tag hinzufügen
Keine Tags, Fügen Sie den ersten Tag hinzu!

MARC

LEADER 00000nam a2200000 a 4500
001 UCM8470
003 CL-VaPUC
008 030314e20020000UK |||||||||||||||||eng|d
082 0 4 |a 629.04  |b TAY  |2 21 
100 0 |a Taylor, Michael A. P  |e author  |9 474533 
245 1 0 |a Transportation and traffic theory in the 21st century: proceedings 
300 |a 721 p 
942 |c BK 
945 |d 20030314 00:00:00  |a cmena 
260 |a Oxford  |b Elsevier Science  |c 2002 
650 0 |a Tráfico  |9 263653 
650 0 |a Ingeniería de transporte  |9 260427 
650 7 |a REDES DE TRAFICO  |2 CL-VaPUC  |9 471221 
650 7 |a TRAFICO URBANO  |2 CL-VaPUC  |9 474534 
650 7 |a DISEÑO DE CARRETERAS  |2 CL-VaPUC  |9 460873 
650 0 |a Modelos matemáticos   |9 259437 
650 0 |a Simulación por computador  |9 260988 
583 |a last modification  |c 20030314 00:00:00  |k Rodrigo Vera 
490 0 |a Transport Connect 
999 |c 302974  |d 302972 
952 |0 0  |1 0  |4 0  |6 629_040000000000000_TAY_2002  |7 0  |8 A  |9 363862  |a BIBING  |b BIBING  |d 2019-11-21  |i 388287K  |o 629.04 TAY 2002  |p 388287K  |r 2025-01-20  |w 2019-11-21  |y BK  |k TRA